000 01053nam0a22002771 4500
001 rc\3573533
005 20130115141025.5
021 _aRU
_b74-78869
021 _aRU
_bРг11933-74
035 _a(NLR Aleph) 007692933
090 _a6660703
_c6660703
100 _a20130115d1974 |||y0rusy50 ca
101 0 _arus
102 _aRU
105 _ay z |||||
200 1 _aРазвитие народного образования Туркменистана за годы Советской власти
_fО-во "Знание" ТССР
210 _aАшхабад
_cБ. и.
_d1974
215 _a[1], 30 с.
_d20
225 1 _aМатериал в помощь лектору
_iК 50-летию ТССР и Компартии Туркменистана
300 _aПеред загл. авт.: Б. Пальванова, акад. АН ТССР
700 1 _aПальванова
_bБ. П.
_f1921-
_gБиби Пальвановна
801 0 _aRU
_bNLR
_gpsbo
801 1 _aRU
_bELAR
_2rusmarc
852 _aNLR
_j74-4/22017
942 _cBOOK
980 _aNB